| 000 | 00926nam a2200181Ia 4500 | ||
|---|---|---|---|
| 008 | 151202s9999||||xx |||||||||||||| ||und|| | ||
| 082 | _bPNVM-82985 | ||
| 100 | _aसंपा- कुलकर्णी गो.म/कुलकर्णी व.दि. | ||
| 245 | _aमराठी वाड्.मयाचा इतिहास खंड 6 भाग 2. | ||
| 260 | _b"महाराष्ट्र साहित्य परिषद,पुणे." | ||
| 260 | _c1991 | ||
| 300 | _a464 | ||
| 600 | _aसंपा- कुलकर्णी गो.म/कुलकर्णी व.दि. | ||
| 630 | _aमराठी वाड्.मयाचा इतिहास खंड 6 भाग 2. | ||
| 700 | _aसंपा- कुलकर्णी गो.म/कुलकर्णी व.दि. | ||
| 730 | _aमराठी वाड्.मयाचा इतिहास खंड 6 भाग 2. | ||
| 942 | _cBOOK | ||
| 999 |
_c1347593 _d1347590 |
||